| 000 | 00647nam a22001337a 4500 | ||
|---|---|---|---|
| 040 | _cRUA | ||
| 082 | _aAVM NOU 2011 B099 Or.1 | ||
| 100 | _aNOU, SARUN. | ||
| 245 | _aEpidemiological survey on disease of cattle in kirivong district takeo province, ការអង្កេតពីការរាតត្បាតជំងឺឺគោដែលតែងជួបប្រទះនៅក្នុងស្រុគិរីវង់ ខេត្តតាកែវ | ||
| 260 |
_aPhnom Penh _bRUA _c2011 |
||
| 300 |
_axi; 59p. _bill. _c29cm. |
||
| 856 | _uhttps://drive.google.com/file/d/139CH0riKq35WkJNuhf8VmMDEhHYVHEIL/view?usp=sharing | ||
| 942 | _cAVM | ||
| 999 |
_c2560 _d2560 |
||